| 000 | 00000nam 2200000zi 4500 |
| 001 | 9.944068 |
| 003 | CaOODSP |
| 005 | 20250122142953 |
| 006 | m o d f |
| 007 | cr mn||||||||| |
| 008 | 241011s2024 onc obs f000 0 fre d |
| 020 | |a9780660740058 |
| 040 | |aCaOODSP|bfre|erda|cCaOODSP |
| 043 | |an-cn--- |
| 086 | 1 |aPS83-3/480F-PDF |
| 100 | 1 |aWanamaker, Kayla A., |eauteur. |
| 245 | 10|aMaladies infectieuses, comportements à risque et réduction des méfaits dans les établissements pour femmes : |brésultats du Sondage national sur la santé de 2022 / |cKayla Wanamaker, Daniella Filoso, Wardah Mahboob et Sara Johnson. |
| 264 | 1|aOttawa (Ontario) : |bService correctionnel du Canada = Correctional Service Canada, |c2024. |
| 300 | |a1 ressource en ligne (xii, 81 pages). |
| 336 | |atexte|btxt|2rdacontent/fre |
| 337 | |ainformatique|bc|2rdamedia/fre |
| 338 | |aressource en ligne|bcr|2rdacarrier/fre |
| 490 | 1 |aRapport de recherche ; |vn° R-480 |
| 500 | |aPublié aussi en anglais sous le titre : Infectious diseases, risk behaviours, and harm-reduction in women's institutions: findings from the 2022 National Health Survey. |
| 504 | |aComprend des références bibliographiques. |
| 520 | |a« Le présent rapport offre une vue d’ensemble des réponses fournies par les participants au Sondage 2022 sur la santé, et examine les données sérologiques afin de déterminer les estimations de prévalence des maladies infectieuses dans les établissements pour femmes, notamment le virus de l’immunodéficience humaine (VIH), le virus de l’hépatite C (VHC) et la syphilis. Les réponses des participants ont été utilisées pour examiner les facteurs susceptibles d’accroître le risque de contracter ces infections, notamment l’adoption de comportements à risque (tatouage, consommation de drogue et rapports sexuels non protégés), ainsi que la connaissance des services de réduction des méfaits et l’accès à ces services. Les participants comprenaient 119 personnes incarcérées sous responsabilité fédérale dans des établissements pour femmes de toutes les régions; 57 participants se sont identifiés comme autochtones et 62 comme non-autochtones »--Résumé, page iv. |
| 650 | 6|aPrisonnières|xMaladies|zCanada|vStatistiques. |
| 650 | 6|aPrisonnières|xServices|zCanada|vStatistiques. |
| 655 | 7|aStatistiques|2rvmgf |
| 710 | 2 |aService correctionnel Canada, |eorganisme de publication. |
| 775 | 08|tInfectious diseases, risk behaviours, and harm-reduction in women's institutions : |w(CaOODSP)9.944067 |
| 830 | #0|aRapport de recherche (Service correctionnel Canada. Direction de la recherche)|vn° R-480.|w(CaOODSP)9.502465 |
| 856 | 40|qPDF|s1.24 Mo|uhttps://publications.gc.ca/collections/collection_2025/scc-csc/PS83-3-480-fra.pdf |
| 856 | 4 |qHTML|sS.O.|uhttps://www.canada.ca/fr/service-correctionnel/organisation/bibliotheque/recherche/coup-oeil/r-480.html |